00385nam a2200169Ia 4500003000400000005001700004008004100021040000700062041000800069082001500077100002100092245004000113260002000153300000900173650001400182700001900196OSt20260507102745.0250729s2005 xx 000 0 und d cAL akan a372.8 KARP aObalesha Gatti R aUdaynmukha bharathadalli shikshana  aಗದಗc2005 a338p aEducation aRao Digumurthi